Někdo to rád za syrova AK47/AKM - kurz pro fajnšmekry

Bibliographic Details
Main Author: Mikyna, František (Author, Photographer)
Format: Article
Language:Czech
PhysicalDescription:Fotogr.
ISSN:1212-5210
Subjects:

MARC

LEADER 00000nab a2200000 a 4500
001 vtls010647525
003 SK-MaSNL
005 20260303085107.0
008 150116 2015 xo m p 000 0 cze
015 |a SNBRB2015/01  |2 lmaosk 
040 |a LMAOSK  |b slo  |c LMAOSK  |e AACR2 
041 0 |a cze 
044 |a xo  |c SK 
080 |a 623.441/.443  |2 2001 
080 |a 623.442  |2 2001 
080 |a 799.3  |2 2001 
080 |a (046)  |2 2001 
100 1 |a Mikyna, František  |4 aut  |4 pht  |9 1085898 
245 1 0 |a Někdo to rád za syrova  |b AK47/AKM - kurz pro fajnšmekry  |c text a foto František Mikyna 
300 |b Fotogr. 
610 2 7 |a RDAcademy (Nové mesto nad Váhom, Slovensko)  |2 LMAOSK  |9 1094093 
650 0 7 |a AK (pušky)  |2 LMAOSK  |9 1094094 
650 0 7 |a strelné zbrane  |2 SNKPH  |9 68540 
650 0 7 |a pušky  |2 SNKPH  |9 13773 
650 0 7 |a streľba  |2 SNKPH  |9 3228 
650 0 7 |a strelecký výcvik  |2 LMAOSK  |9 1093797 
655 7 |a články  |2 SNKPH  |9 70601 
773 0 |t Zbraně & náboje  |g Roč. XVII, č. 1 (2015), s. 24-[27]  |x 1212-5210 
852 |a LMAOSK  |b KIS3GCP 
958 |a NB 
999 |c 1797902  |d 1799832